| 000 | 00485nam a22001817a 4500 | ||
|---|---|---|---|
| 003 | CEME | ||
| 005 | 20210628210541.0 | ||
| 008 | 210201b xxu||||| |||| 00| 0 eng d | ||
| 020 | _a81-7304-520-8 | ||
| 040 | _c. | ||
| 082 | _a954 NUC | ||
| 100 |
_aChari, P.R,Gupta, Sonika,Rajain, Arpit _979897 |
||
| 245 | _aNuclear stability in southern asia | ||
| 260 |
_aNEW DELHI _bMANOHAR _c2003 |
||
| 300 | _a221P | ||
| 650 |
_aNUCLEAR STABILITY IN SOUTHERN ASIA _979898 |
||
| 942 |
_cBK _2ddc |
||
| 999 |
_c584880 _d584880 |
||